On the move: The housing consequences of migration (Record no. 100756)

MARC details
000 -LEADER
fixed length control field 01296cam a2200313 4500
008 - FIXED-LENGTH DATA ELEMENTS--GENERAL INFORMATION
fixed length control field 000000n2000 000 0 eng u
020 ## - INTERNATIONAL STANDARD BOOK NUMBER
International Standard Book Number 1902633695
035 ## - SYSTEM CONTROL NUMBER
System control number (Sirsi) u108136
050 ## - LIBRARY OF CONGRESS CALL NUMBER
Classification number 306.8
100 ## - MAIN ENTRY--PERSONAL NAME
Personal name Bate, Richard
-- Editor
245 ## - TITLE STATEMENT
Title On the move: The housing consequences of migration
260 ## - PUBLICATION, DISTRIBUTION, ETC.
Place of publication, distribution, etc. London
Name of publisher, distributor, etc. JRF
Date of publication, distribution, etc. 2000
300 ## - PHYSICAL DESCRIPTION
Extent v, 74p. ; 28cm.
350 ## - PRICE (NR) (BK AM CF MU VM SE) [OBSOLETE]
Price 13.95
520 ## - SUMMARY, ETC.
Summary, etc. This report arises from a seminar organised by the Joseph Rowntree Foundation in September 1999 to discuss migration. It shows broadly who is migrating, where from and where to. Some of the consequences for the housing market are highlighted, such as the need for affordable housing provision, for the receiving areas and the losing areas, employment and regional development. It asks whether migration should be viewed as a problem and, if so what the options might be for 'doing something'.
650 ## - SUBJECT ADDED ENTRY--TOPICAL TERM
Topical term or geographic name entry element MIGRATION
650 ## - SUBJECT ADDED ENTRY--TOPICAL TERM
Topical term or geographic name entry element POPULATION CHANGE
650 ## - SUBJECT ADDED ENTRY--TOPICAL TERM
Topical term or geographic name entry element STATISTICS
650 ## - SUBJECT ADDED ENTRY--TOPICAL TERM
Topical term or geographic name entry element SOCIAL TRENDS
650 ## - SUBJECT ADDED ENTRY--TOPICAL TERM
Topical term or geographic name entry element URBAN SPRAWL
650 ## - SUBJECT ADDED ENTRY--TOPICAL TERM
Topical term or geographic name entry element SOCIAL HOUSING
650 ## - SUBJECT ADDED ENTRY--TOPICAL TERM
Topical term or geographic name entry element EMPLOYMENT
650 ## - SUBJECT ADDED ENTRY--TOPICAL TERM
Topical term or geographic name entry element ASYLUM SEEKERS
690 ## - LOCAL SUBJECT ADDED ENTRY--TOPICAL TERM (OCLC, RLIN)
Topical term or geographic name as entry element HOUSING
700 ## - ADDED ENTRY--PERSONAL NAME
Personal name Best, Richard
International Standard Serial Number Editor
700 ## - ADDED ENTRY--PERSONAL NAME
Personal name Holmans, Alan
International Standard Serial Number Editor
710 ## - ADDED ENTRY--CORPORATE NAME
Corporate name or jurisdiction name as entry element Joseph Rowntree Foundation
9 (RLIN) 2318
942 ## - ADDED ENTRY ELEMENTS (KOHA)
Suppress in OPAC 0
Holdings
Withdrawn status Lost status Source of classification or shelving scheme Damaged status Not for loan Home library Current library Shelving location Date acquired Cost, normal purchase price Total Checkouts Full call number Barcode Date last seen Date last checked out Copy number Cost, replacement price Price effective from Koha item type
    Dewey Decimal Classification     London London Folio 27/09/2000 11.80 5 F306.8 BAT 30062258 06/08/2019 23/09/2002 1 11.80 06/08/2019 Book